Boys' Names in Top 1000-O (2023) - Statistics

General Stats
  • This quiz has been taken 200 times
  • The average score is 7 of 16
Answer Stats
Answer % Correct
Oliver
98%
Oscar
84%
Owen
82%
Omar
64%
Odin
57%
Otto
53%
Orion
51%
Oakley
43%
Otis
40%
Ozzy
40%
Orlando
36%
Onyx
29%
Omari
21%
Ocean
19%
Osman
12%
Osiris
9%
No matching quizzes found
Score Distribution
Percent of People with Each Score
Percentile by Number Answered
Your Score History
You have not taken this quiz